000 00529nam a2200181Ia 4500
999 _c14448
_d14448
003 OSt
005 20201028094907.0
008 190216s9999||||xx |||||||||||||| ||und||
020 _a9788178241135
040 _coclc
082 _a823.914
_bKHA/A
100 _aKhair, Tabish
_96122
245 0 _aAmitav Ghosh A Critical Companion /
_cTabish Khair
260 _bPermanent Black Publishers,
_c2008.
_aNew Delhi:
300 _a185p
650 _aEnglish
942 _cBK
_2ddc
_h823.914
_iKHA/A
_k823.914
_mKHA/A